Les tennismen avec la meilleure présence dans le top 10 depuis 1990 - Statistiques

Statistiques générales
  • Ce quiz a été pris 145 fois
  • Le résultat moyen est 43 sur 98
Statistiques - réponses
Nombre de points Nationalité Tennisman % Correct
152 SUI Roger Federer
100%
150 ESP Rafael Nadal
99%
145 SRB Novak Djokovic
98%
67 GBR Andy Murray
92%
82 USA Andre Agassi
84%
5 FRA Gaël Monfils
81%
5 UKR Andreï Medvedev
79%
34 RUS Daniil Medvedev
79%
22 FRA Jo-Wilfried Tsonga
79%
96 USA Pete Sampras
77%
26 SUI Stanislas Wawrinka
75%
29 GRE Stéfanos Tsitsipás
75%
34 ALL Alexander Zverev
74%
19 ESP Carlos Alcaraz
74%
8 FRA Richard Gasquet
74%
35 ESP David Ferrer
73%
39 AUS Lleyton Hewitt
69%
48 USA Andy Roddick
68%
35 ALL Boris Becker
68%
47 SUE Stefan Edberg
68%
25 BRE Gustavo Kuerten
67%
27 AUT Dominic Thiem
65%
24 RUS Marat Safin
65%
16 CRO Marin Čilić
65%
4 FRA Gilles Simon
64%
11 NOR Casper Ruud
62%
8 ITA Jannik Sinner
62%
18 ARG Juan Martin Del Potro
62%
17 JAP Kei Nishikori
60%
26 ESP Carlos Moyà
59%
8 BUL Grigor Dimitrov
58%
21 ESP Juan Carlos Ferrero
58%
3 DAN Holger Rune
57%
11 CAN Milos Raonic
55%
18 RUS Andrey Rublev
54%
28 CZE Tomáš Berdych
54%
36 USA Michael Chang
52%
3 USA Taylor Fritz
52%
41 RUS Ievgueni Kafelnikov
51%
16 CZE Ivan Lendl
51%
30 USA Jim Courier
51%
1 USA John Isner
51%
5 CAN Félix Auger-Aliassime
46%
27 CRO Goran Ivanišević
46%
5 AFS Kevin Anderson
46%
9 SUE Robin Söderling
46%
4 BEL David Goffin
45%
22 AUT Thomas Muster
45%
6 FRA Sébastien Grosjean
43%
4 FRA Guy Forget
42%
12 CHI Marcelo Ríos
42%
1 FRA Cédric Pioline
41%
5 POL Hubert Hurkacz
41%
8 ITA Matteo Berrettini
40%
15 ARG David Nalbandian
39%
20 AUS Patrick Rafter
39%
32 RUS Nikolay Davydenko
38%
1 ESP Pablo Carreño Busta
38%
4 ESP Fernando Verdasco
37%
13 ARG Guillermo Coria
35%
2 ESP Roberto Bautista-Agut
35%
2 ARG Gastón Gaudio
32%
17 ESP Sergi Bruguera
32%
4 ALL Tommy Haas
30%
2 ARG Diego Schwartzman
29%
19 ALL Michael Stich
29%
15 GBR Tim Henman
29%
3 USA Jack Sock
28%
5 EQU Andrés Gómez
26%
5 CHI Fernando González
26%
7 NLD Richard Krajicek
26%
2 ESP Albert Costa
25%
6 CZE Petr Korda
25%
4 SRB Janko Tipsarević
24%
7 SUE Magnus Norman
24%
1 ESP Nicolás Almagro
22%
8 USA James Blake
21%
11 ESP Àlex Corretja
20%
3 USA Mardy Fish
20%
3 ESP Emilio Sánchez
18%
8 CRO Ivan Ljubičić
18%
1 RUS Mikhail Youzhny
17%
15 SUE Thomas Enqvist
17%
3 AFS Wayne Ferreira
17%
7 GBR Greg Rusedski
16%
5 USA Todd Martin
14%
3 ESP Alberto Berasategui
13%
5 ALL Nicolas Kiefer
13%
5 ESP Tommy Robredo
12%
8 SUE Jonas Björkman
11%
2 CRO Mario Ančić
11%
3 EQU Nicolás Lapentti
11%
5 ALL Rainer Schüttler
11%
4 CZE Jiří Novák
9%
3 CZE Karel Nováček
8%
1 USA Brad Gilbert
7%
3 SVK Karol Kučera
7%
2 AUS Mark Philppoussis
0%
Aucun quiz correspondant
Distribution des résultats
% des personnes avec chaque résultat
Percentile par nombre de réponses
Votre historique - résultats
Vous n’avez pas pris ce quiz